[ Slovenské lesy ]

Z obsahu: Nové vzťahy v lesoch: prevláda nespokojnosť. Tvrdšie sankcie za porušovanie zákona. Na staré záväzky štát netlačí. Ochranári sa boja zvyšovania ťažby dreva. Stanú sa národné parky pralesmi? Až požiar obrúsil hrany. Imisie už nie sú výrazný postrach lesov.

Salvato in:
Dettagli Bibliografici
Autore principale: Haluza, Ivan
Natura: Capitolo di libro
Lingua:slovacco
Soggetti:
Tags: Aggiungi Tag
Nessun Tag, puoi essere il primo ad aggiungerne!!

MARC

LEADER 00000naa$a2200000$$$4500
001 0031582
005 20231009081559.6
041 0 |a slo 
044 |a SK 
245 1 0 |a [ Slovenské lesy ]  |c Ivan Haluza 
520 |a Z obsahu: Nové vzťahy v lesoch: prevláda nespokojnosť. Tvrdšie sankcie za porušovanie zákona. Na staré záväzky štát netlačí. Ochranári sa boja zvyšovania ťažby dreva. Stanú sa národné parky pralesmi? Až požiar obrúsil hrany. Imisie už nie sú výrazný postrach lesov. 
610 2 0 |a lesy 
610 2 0 |a ochrana lesa 
610 2 0 |a imisie 
610 2 0 |a ťažba dreva 
610 2 0 |a sankcie 
610 2 0 |a Slovensko 
100 1 |a Haluza, Ivan